[Event "23.Schlosspark-Open"]
[Site "Wiesbaden"]
[Date "2011.08.26"]
[Round "2.31"]
[White "Sarközy, Benjamin"]
[Black "Freundlieb, Thomas"]
[Result "1/2-1/2"]
[WhiteElo "1944"]
[BlackElo "2095"]
[PlyCount "48"]
[EventDate "2011.??.??"]
[WhiteTeam "SF Dettingen 1950"]
[BlackTeam "SV Bergneustadt/Dersch"]

1. c4 g6 2. g3 Bg7 3. Bg2 Nc6 4. Nc3 e5 5. d3 d6 6. e4 f5 7. Nge2 Nf6 8. O-O
O-O 9. exf5 gxf5 10. f4 Nd4 11. Rb1 c6 12. b4 Nxe2+ 13. Nxe2 Be6 14. Kh1 e4 15.
Nd4 Qd7 16. Be3 d5 17. c5 Ng4 18. Qd2 Nxe3 19. Qxe3 Qe7 20. Nc2 Qf6 21. d4 a6
22. Rfd1 Bf7 23. Qf2 Bh5 24. Rd2 Kh8 1/2-1/2

[Event "23.Schlosspark-Open"]
[Site "Wiesbaden"]
[Date "2011.08.26"]
[Round "2.32"]
[White "Schwarz, Eduard"]
[Black "Kunkel, Wolfgang"]
[Result "1-0"]
[WhiteElo "2088"]
[BlackElo "1713"]
[PlyCount "93"]
[EventDate "2011.??.??"]
[WhiteTeam "SG Turm Idstein"]
[BlackTeam "SK 1858 Gießen"]

1. d4 d5 2. c4 e5 3. dxe5 d4 4. Nf3 Nc6 5. Nbd2 f6 6. exf6 Nxf6 7. Nb3 Bb4+ 8.
Bd2 Qe7 9. a3 Bd6 10. c5 Bxc5 11. Nxc5 Qxc5 12. Rc1 Qe7 13. Qa4 O-O 14. Nxd4
Nd5 15. Nxc6 bxc6 16. Qxc6 Be6 17. Qc5 Qf7 18. e4 Rae8 19. Be2 Nf4 20. Bxf4
Qxf4 21. Qe3 Qe5 22. Rc3 Re7 23. O-O Ref7 24. Qxa7 Qxe4 25. Re3 Qg6 26. Qa6 Rf6
27. Rxe6 Rxe6 28. Bc4 Rfe8 29. Re1 Kf7 30. Rxe6 Rxe6 31. Qxe6+ Qxe6 32. Bxe6+
Kxe6 33. Kf1 Kd5 34. b3 Kd4 35. a4 Kc5 36. Ke2 Kb4 37. Kd1 c5 38. Kc2 c4 39.
bxc4 Kxc4 40. f4 Kb4 41. Kd3 Kxa4 42. Kc4 Ka5 43. Kc5 Ka4 44. g4 Kb3 45. f5 h6
46. h4 Kc3 47. g5 1-0

[Event "23.Schlosspark-Open"]
[Site "Wiesbaden"]
[Date "2011.08.26"]
[Round "2.33"]
[White "Rump, Andreas"]
[Black "Kolker, Vladislav"]
[Result "1/2-1/2"]
[WhiteElo "1950"]
[BlackElo "2086"]
[PlyCount "77"]
[EventDate "2011.??.??"]
[WhiteTeam "SG Turm Idstein"]
[BlackTeam "Sfr.1891 Friedberg"]

1. e4 c5 2. c3 g6 3. d4 cxd4 4. cxd4 d5 5. e5 Nh6 6. Nc3 f6 7. Bb5+ Nc6 8. Nf3
Nf7 9. O-O fxe5 10. dxe5 e6 11. Be3 Bg7 12. Bxc6+ bxc6 13. Bc5 Nxe5 14. Nxe5
Bxe5 15. Re1 Bg7 16. Rc1 Qf6 17. Qa4 Bd7 18. Qb4 Kf7 19. Qb7 Qd8 20. Bxa7 Qc8
21. Qb6 Re8 22. Qe3 Qb7 23. Bc5 Qxb2 24. Re2 Qb8 25. Rb1 Qc7 26. Ree1 e5 27.
Qg3 Bf5 28. Rb2 Rab8 29. Rbe2 Rbd8 30. Bd4 Qb8 31. Bxe5 Bxe5 32. Rxe5 Rxe5 33.
Rxe5 d4 34. Nd1 Kf6 35. f4 Rd7 36. Qh4+ Kg7 37. g4 Bc2 38. Re7+ Rxe7 39. Qxe7+
1/2-1/2

[Event "23.Schlosspark-Open"]
[Site "Wiesbaden"]
[Date "2011.08.26"]
[Round "2.35"]
[White "Stockmann, Michael"]
[Black "Seickel, Ralf"]
[Result "1-0"]
[WhiteElo "2269"]
[BlackElo "1890"]
[PlyCount "45"]
[EventDate "2011.??.??"]
[WhiteTeam "Sfr. Schöneck"]
[BlackTeam "vereinslos"]

1. d4 Nf6 2. Nf3 b6 3. g3 Bb7 4. Bg2 g6 5. O-O Bg7 6. c4 O-O 7. d5 c6 8. Nc3
cxd5 9. cxd5 d6 10. Nd4 Na6 11. e4 Nc7 12. Bh3 Re8 13. Re1 e6 14. dxe6 Nxe6 15.
Nxe6 fxe6 16. Qb3 Qe7 17. Bf4 Nh5 18. Bd2 Kh8 19. Rac1 Rac8 20. f3 Bd4+ 21. Kg2
Ba6 22. Qa4 Bc4 23. b3 1-0

[Event "23.Schlosspark-Open"]
[Site "Wiesbaden"]
[Date "2011.08.26"]
[Round "2.36"]
[White "Rott, Georg"]
[Black "Süß, Stefan"]
[Result "1-0"]
[WhiteElo "2223"]
[BlackElo "1800"]
[PlyCount "89"]
[EventDate "2011.??.??"]
[WhiteTeam "SK Münster 32 e.V."]
[BlackTeam "Mosbacher SC v.1931"]

1. e4 c6 2. d4 d5 3. exd5 cxd5 4. c4 Nf6 5. Nc3 e6 6. Nf3 Be7 7. cxd5 Nxd5 8.
Bd3 Nc6 9. O-O O-O 10. Be3 Bf6 11. Rc1 Ncb4 12. Bb1 b6 13. Qd2 Ba6 14. Rfd1 Rc8
15. Ne4 Nxe3 16. Qxe3 Nd5 17. Qa3 Be2 18. Re1 Rxc1 19. Rxc1 Bxf3 20. Qxf3 Bxd4
21. b3 g6 22. Bd3 Bg7 23. Bc4 Qc7 24. Rd1 Rd8 25. g3 Qe5 26. a4 Qf5 27. Qe2 h5
28. Rd3 Qe5 29. Qf3 Qa1+ 30. Kg2 Qe5 31. h4 Kf8 32. Ng5 Qf5 33. Qe2 Re8 34. Rf3
Qe5 35. Rxf7+ Kg8 36. Qxe5 Bxe5 37. Rxa7 Bd4 38. Rd7 Bc5 39. Nxe6 Nf6 40. Nxc5+
Kh8 41. Rd6 bxc5 42. Rxf6 Kg7 43. Rc6 Re5 44. Bd3 g5 45. Rg6+ 1-0

[Event "23.Schlosspark-Open"]
[Site "Wiesbaden"]
[Date "2011.08.26"]
[Round "2.37"]
[White "Dehning-Busse, Karsten"]
[Black "Pioch, Thomas"]
[Result "1/2-1/2"]
[WhiteElo "1828"]
[BlackElo "2216"]
[PlyCount "29"]
[EventDate "2011.??.??"]
[WhiteTeam "SF Lilienthal von 1971"]
[BlackTeam "Sfr.Mainz 1928"]

1. d4 e6 2. e4 d5 3. Nc3 Bb4 4. exd5 exd5 5. Bd3 Nc6 6. a3 Bxc3+ 7. bxc3 Nf6 8.
Ne2 O-O 9. O-O Na5 10. Ng3 Re8 11. Bg5 Qd6 12. Bxf6 Qxf6 13. Qh5 g6 14. Qxd5
Nc6 15. f4 1/2-1/2

[Event "23.Schlosspark-Open"]
[Site "Wiesbaden"]
[Date "2011.08.26"]
[Round "2.38"]
[White "Lanz, Udo"]
[Black "Mayer, Frank"]
[Result "1/2-1/2"]
[WhiteElo "1845"]
[BlackElo "2204"]
[PlyCount "34"]
[EventDate "2011.??.??"]
[WhiteTeam "SC Eberbach"]
[BlackTeam "Wiesbadener SV 1885"]

1. c4 e5 2. Nc3 Nc6 3. g3 g6 4. Bg2 Bg7 5. Rb1 a5 6. b3 Nge7 7. Bb2 O-O 8. Nf3
d6 9. e4 Bg4 10. h3 Be6 11. O-O h6 12. Nd5 Qd7 13. Kh2 f5 14. d3 Rf7 15. Nd2
Raf8 16. f4 h5 17. Nf3 exf4 1/2-1/2

[Event "23.Schlosspark-Open"]
[Site "Wiesbaden"]
[Date "2011.08.26"]
[Round "2.39"]
[White "Cattus, Nico"]
[Black "Preiß, Vincent"]
[Result "1-0"]
[WhiteElo "2201"]
[BlackElo "1869"]
[PlyCount "81"]
[EventDate "2011.??.??"]
[WhiteTeam "vereinslos"]
[BlackTeam "SV Saarbrücken 1970"]

1. e4 c5 2. Nf3 e6 3. d4 cxd4 4. Nxd4 Nc6 5. Nb5 d6 6. Bf4 e5 7. Be3 a6 8. N5c3
Be6 9. g3 Qa5 10. Bg2 Nf6 11. O-O Rd8 12. Nd5 Bxd5 13. exd5 Nb8 14. c4 Rc8 15.
Qb3 Qc7 16. Nd2 Nbd7 17. Bh3 Be7 18. Rac1 Rb8 19. Qc2 O-O 20. b4 a5 21. a3 Ra8
22. Rfd1 Ra6 23. Qd3 axb4 24. axb4 Rfa8 25. Ne4 Ra3 26. Rc3 Rxc3 27. Nxf6+ Bxf6
28. Qxc3 b6 29. Rc1 Ra4 30. Qb3 Qa7 31. Bxd7 Qxd7 32. Bxb6 Bg5 33. Rb1 Qf5 34.
Rd1 Ra6 35. c5 Qg4 36. Rf1 Bd2 37. b5 Ra4 38. Qc2 Ba5 39. h3 Qb4 40. cxd6 g6
41. Bxa5 1-0

[Event "23.Schlosspark-Open"]
[Site "Wiesbaden"]
[Date "2011.08.26"]
[Round "2.40"]
[White "Jordake, Michael"]
[Black "Fellhauer, Clemens"]
[Result "0-1"]
[WhiteElo "1732"]
[BlackElo "2178"]
[PlyCount "90"]
[EventDate "2011.??.??"]
[WhiteTeam "SC Bergen-Enkheim 1922"]
[BlackTeam "SK 69 Mühlhausen e.V."]

1. e4 c5 2. Nc3 Nc6 3. g3 e6 4. Bg2 Nge7 5. d3 g6 6. Be3 Nd4 7. Qd2 Bg7 8. Nd1
d6 9. c3 Ndc6 10. Bh6 O-O 11. Bxg7 Kxg7 12. Ne3 f5 13. Nh3 e5 14. O-O-O Be6 15.
Kb1 h6 16. f4 Qd7 17. Nf2 d5 18. exf5 Nxf5 19. Neg4 exf4 20. Qxf4 Qd6 21. Qd2
h5 22. Ne3 Nxe3 23. Qxe3 d4 24. Qd2 Bf5 25. Ne4 Bxe4 26. dxe4 Qe5 27. Rhf1 Rad8
28. Rxf8 Rxf8 29. Qc2 b6 30. Rd2 Rf7 31. a3 h4 32. cxd4 Nxd4 33. Qd3 hxg3 34.
hxg3 a5 35. Rd1 Rf2 36. Rg1 Nf3 37. Qd7+ Kf8 38. Qd8+ Kf7 39. Qxb6 Nxg1 40.
Qb7+ Kf6 41. Qb6+ Kg7 42. Qb7+ Kh6 43. Bh1 Rf1+ 44. Kc2 Qe6 45. b3 Qe5 0-1

[Event "23.Schlosspark-Open"]
[Site "Wiesbaden"]
[Date "2011.08.26"]
[Round "2.41"]
[White "Schellen, Sven"]
[Black "Bremer, Vincent"]
[Result "0-1"]
[WhiteElo "1754"]
[BlackElo "2144"]
[PlyCount "38"]
[EventDate "2011.??.??"]
[WhiteTeam "Sfr. Frankfurt 1921"]
[BlackTeam "SC Lerchenberg/ZMO"]

1. d4 d5 2. c4 Bf5 3. Nc3 e6 4. cxd5 exd5 5. Qb3 Nc6 6. e3 Nb4 7. e4 dxe4 8.
Be3 Rb8 9. a3 Nd3+ 10. Bxd3 exd3 11. Qa4+ Bd7 12. Qxa7 Nf6 13. Qa5 Bc6 14. Qe5+
Be7 15. f3 O-O 16. Qf5 Re8 17. Qxd3 Ng4 18. O-O-O Nxe3 19. Qxe3 Bg5 0-1

[Event "23.Schlosspark-Open"]
[Site "Wiesbaden"]
[Date "2011.08.26"]
[Round "2.42"]
[White "Schmitt, Hans Walter"]
[Black "Steimbach, Isabel"]
[Result "1/2-1/2"]
[WhiteElo "2130"]
[BlackElo "1561"]
[PlyCount "107"]
[EventDate "2011.??.??"]
[WhiteTeam "Chess Tigers SFV"]
[BlackTeam "OSG Baden-Baden"]

1. d4 d5 2. Nf3 e6 3. c4 Nf6 4. Nc3 Be7 5. Bg5 O-O 6. e3 h6 7. Bh4 b6 8. Rc1
Bb7 9. cxd5 exd5 10. Bd3 Nbd7 11. O-O Ne4 12. Bxe7 Qxe7 13. a3 Nxc3 14. Rxc3 c5
15. Bb1 Nf6 16. Qa4 Rfc8 17. Rfc1 Bc6 18. Qc2 c4 19. Nd2 a5 20. b3 b5 21. bxc4
b4 22. axb4 axb4 23. Rd3 dxc4 24. Nxc4 Be4 25. f3 Bxd3 26. Qxd3 Ra3 27. Qd2 Rc3
28. Rxc3 bxc3 29. Qxc3 Qc7 30. Bd3 Nd5 31. Qd2 Rb8 32. g3 Nb4 33. Bf1 Nd5 34.
e4 Nf6 35. Qa2 Rd8 36. e5 Nd5 37. Nd6 Ne3 38. Bd3 Qc1+ 39. Kf2 Nd1+ 40. Kg2
Qb2+ 41. Qxb2 Nxb2 42. Be4 Nd1 43. f4 Rb8 44. Bb7 Nc3 45. d5 Nb5 46. Bc6 Nxd6
47. exd6 Kf8 48. Kf3 Rd8 49. Ke4 Rxd6 50. g4 Ke7 51. h4 Rd8 52. Ke5 Rb8 53. d6+
Kd8 54. h5 1/2-1/2

[Event "23.Schlosspark-Open"]
[Site "Wiesbaden"]
[Date "2011.08.26"]
[Round "2.43"]
[White "Syed, Tareq"]
[Black "Beck, Andreas"]
[Result "1/2-1/2"]
[WhiteElo "2112"]
[BlackElo "1700"]
[PlyCount "69"]
[EventDate "2011.??.??"]
[WhiteTeam "SC Brett vor'm Kopp Ffm"]
[BlackTeam "TSVG1900 Malschenberg"]

1. e4 c5 2. d3 d5 3. Nd2 Nc6 4. g3 Nf6 5. Bg2 e5 6. Ngf3 Bg4 7. h3 Be6 8. c3
dxe4 9. dxe4 Qd7 10. Ng5 Rd8 11. Nxe6 Qxe6 12. Qe2 Be7 13. O-O O-O 14. Re1 Rd7
15. Nc4 Rfd8 16. Ne3 Bf8 17. Nd5 Ne7 18. Nxf6+ Qxf6 19. Be3 Nc6 20. Rad1 Qe6
21. b3 a6 22. Kh2 Na7 23. Rd5 Nb5 24. Qc2 Na3 25. Qc1 c4 26. b4 Nb5 27. Red1
Nc7 28. Rxd7 Rxd7 29. Bf1 b5 30. Be2 Qc6 31. Rxd7 Qxd7 32. Qd1 Qxd1 33. Bxd1
Bd6 34. Bg4 Ne6 35. Bxe6 1/2-1/2

[Event "23.Schlosspark-Open"]
[Site "Wiesbaden"]
[Date "2011.08.26"]
[Round "2.44"]
[White "Diener, Carolin Valeria"]
[Black "Feller, Florian"]
[Result "0-1"]
[WhiteElo "1624"]
[BlackElo "1977"]
[PlyCount "60"]
[EventDate "2011.??.??"]
[WhiteTeam "Sfr.1891 Friedberg"]
[BlackTeam "SGem Vaihingen-Rohr"]

1. e4 c5 2. Nf3 Nc6 3. Bb5 d6 4. Bxc6+ bxc6 5. Nc3 g6 6. O-O Bg7 7. d3 e5 8.
Be3 Ne7 9. h3 O-O 10. Qd2 f5 11. Bh6 f4 12. Bxg7 Kxg7 13. Ne2 g5 14. Qc3 Ng6
15. Nh2 f3 16. Nxf3 Rxf3 17. gxf3 Bxh3 18. Rfe1 Qf6 19. d4 cxd4 20. Qa3 Nf4 21.
Ng3 c5 22. Qb3 Rf8 23. Qa3 Qh6 24. Qxa7+ Rf7 25. Qa6 Bg2 26. Qc4 Qh3 27. Qb5 d3
28. Nf5+ Rxf5 29. Qd7+ Kh6 30. Qxd6+ Ng6 0-1

[Event "23.Schlosspark-Open"]
[Site "Wiesbaden"]
[Date "2011.08.26"]
[Round "2.46"]
[White "Eck, Mathias"]
[Black "Grötzinger, Waldemar"]
[Result "1-0"]
[WhiteElo "2137"]
[BlackElo "1592"]
[PlyCount "61"]
[EventDate "2011.??.??"]
[WhiteTeam "SV SF Darmstadt 1994"]
[BlackTeam "Sfr. Frankfurt 1921"]

1. c4 d6 2. g3 Nf6 3. Bg2 g6 4. Nc3 Bg7 5. e4 O-O 6. Nge2 Bg4 7. h3 Bxe2 8.
Nxe2 c6 9. O-O Nbd7 10. d3 Rb8 11. Be3 a6 12. Qd2 b5 13. b3 c5 14. Rab1 b4 15.
f4 e6 16. g4 Qe7 17. Ng3 a5 18. f5 Ne5 19. g5 Nfd7 20. f6 Nxf6 21. gxf6 Bxf6
22. Bh6 Rfe8 23. Kh2 Bh8 24. Bg5 f6 25. Be3 f5 26. Bg5 Qc7 27. exf5 gxf5 28.
Nxf5 d5 29. Nh6+ Kg7 30. Bf6+ Kf8 31. Bxe5+ 1-0

[Event "23.Schlosspark-Open"]
[Site "Wiesbaden"]
[Date "2011.08.26"]
[Round "2.47"]
[White "Faqiry, Ramat"]
[Black "Wagner, Günter"]
[Result "1-0"]
[WhiteElo "1977"]
[BlackElo "1588"]
[PlyCount "107"]
[EventDate "2011.??.??"]
[WhiteTeam "SK Bad Homburg 1927"]
[BlackTeam "SV 1946 Groß-Gerau"]

1. Nf3 Nf6 2. c4 c5 3. Nc3 g6 4. d4 cxd4 5. Nxd4 Nc6 6. g3 Bg7 7. Bg2 O-O 8.
O-O Qb6 9. Nb3 d6 10. Be3 Qc7 11. Nb5 Qd8 12. h3 a6 13. N5d4 Qc7 14. Rc1 Bd7
15. g4 Rac8 16. Qd2 Qb8 17. Rfd1 Nxd4 18. Nxd4 Bc6 19. Nxc6 bxc6 20. Rc3 Qc7
21. Ra3 Ra8 22. b4 d5 23. cxd5 cxd5 24. Rc1 Qe5 25. Bf4 Qe6 26. Re3 Ne4 27. Qd3
Qf6 28. Qxd5 Qxf4 29. Qxe4 Qxe4 30. Rxe4 e6 31. Rec4 Ra7 32. Rc7 Bd4 33. Rxa7
Bxa7 34. Rc6 a5 35. Ra6 Bd4 36. Rxa5 Rc8 37. Ra8 Rxa8 38. Bxa8 Kf8 39. a4 Ke7
40. b5 Bb6 41. e3 g5 42. Kg2 Kd6 43. Kf3 Ke5 44. Ke2 f5 45. Kd3 Kd6 46. Kc4 Ba5
47. e4 f4 48. f3 Kc7 49. Kc5 Kb8 50. Bc6 Kc7 51. Be8 e5 52. Bc6 Bb6+ 53. Kd5
Bd4 54. Ke6 1-0

[Event "23.Schlosspark-Open"]
[Site "Wiesbaden"]
[Date "2011.08.26"]
[Round "2.48"]
[White "Barisch, Florian"]
[Black "Pogosian, Norair"]
[Result "1-0"]
[WhiteElo "1954"]
[BlackElo "1586"]
[PlyCount "147"]
[EventDate "2011.??.??"]
[WhiteTeam "SV 1934 Ffm-Griesheim"]
[BlackTeam "CE Strassbourg"]

1. d4 Nf6 2. Bf4 g6 3. c4 Bg7 4. Nc3 d5 5. e3 c5 6. Nf3 O-O 7. dxc5 dxc4 8.
Bxc4 Qa5 9. O-O Qxc5 10. Qb3 Nc6 11. Na4 Qb4 12. Qxb4 Nxb4 13. Nc3 Nc6 14. Rac1
Na5 15. Be2 Be6 16. Nd4 Bc4 17. b4 Bxe2 18. Ncxe2 Nc6 19. Nxc6 bxc6 20. Nd4 Nd5
21. Nxc6 e6 22. Bd6 Rfe8 23. Rc2 Nc3 24. Rfc1 Nb5 25. Bc5 Bf8 26. a4 Bxc5 27.
Rxc5 Nd6 28. f3 Kf8 29. Rd1 Nf5 30. Rd7 Nxe3 31. Ne5 Re7 32. Rcc7 Nd5 33. Rxe7
Nxe7 34. Nd7+ Kg7 35. Ne5 Kf8 36. b5 Ke8 37. Nc6 Nxc6 38. bxc6 a5 39. Kf2 Rb8
40. Ra7 Rc8 41. Rxa5 Rxc6 42. Ra7 Rd6 43. g4 g5 44. a5 Rd2+ 45. Kg3 Ra2 46. a6
Kf8 47. h4 h6 48. h5 Kg7 49. Ra8 Ra3 50. Kf2 Kf6 51. a7 Kg7 52. Ke2 Kf6 53. Rh8
Rxa7 54. Kf2 Kg7 55. Re8 Ra5 56. Ke3 e5 57. Ke4 f6 58. Re7+ Kg8 59. Kf5 Ra8 60.
Kg6 Rf8 61. Kxh6 Ra8 62. Kg6 Rf8 63. Rg7+ Kh8 64. Rf7 Rxf7 65. Kxf7 f5 66. gxf5
e4 67. fxe4 g4 68. e5 g3 69. e6 g2 70. e7 g1=Q 71. e8=Q+ Kh7 72. f6 Qa7+ 73.
Qe7 Qa2+ 74. Kf8+ 1-0

[Event "23.Schlosspark-Open"]
[Site "Wiesbaden"]
[Date "2011.08.26"]
[Round "2.49"]
[White "Neuhoff, Ulrich"]
[Black "Dittmar, Thomas"]
[Result "1/2-1/2"]
[WhiteElo "1582"]
[BlackElo "1952"]
[PlyCount "49"]
[EventDate "2011.??.??"]
[WhiteTeam "SK Bad Homburg 1927"]
[BlackTeam "SF Fürth 1951 e.V."]

1. c4 Nf6 2. g3 c5 3. Bg2 d5 4. cxd5 Nxd5 5. Nf3 Nc6 6. O-O e5 7. Nc3 Nc7 8. b3
Be7 9. Bb2 O-O 10. Rc1 Ne6 11. Ne4 f5 12. Nc3 e4 13. Ne1 Bg5 14. e3 Qa5 15. f3
exf3 16. Bxf3 Bd7 17. Na4 Rad8 18. Bd5 Kh8 19. Bc3 Qc7 20. Qc2 Ne7 21. Bxe6
Bxe6 22. Nxc5 Qc6 23. Nxe6 Qxe6 24. Nf3 Bh6 25. Nh4 1/2-1/2

[Event "23.Schlosspark-Open"]
[Site "Wiesbaden"]
[Date "2011.08.26"]
[Round "2.50"]
[White "Kannenberg, Carl-Fr"]
[Black "Giesau, Bernhard"]
[Result "1/2-1/2"]
[WhiteElo "1947"]
[BlackElo "1584"]
[PlyCount "68"]
[EventDate "2011.??.??"]
[WhiteTeam "SAbt TuS Dotzheim"]
[BlackTeam "SK Gau-Algesheim"]

1. e4 c6 2. d4 d5 3. e5 Bf5 4. Bd3 Bxd3 5. Qxd3 e6 6. Nf3 Ne7 7. O-O Ng6 8. c3
Be7 9. Be3 O-O 10. Nbd2 Nd7 11. b3 c5 12. Rfd1 a6 13. Nf1 Rc8 14. Ng3 Nh4 15.
Nxh4 Bxh4 16. Nf1 c4 17. Qd2 cxb3 18. axb3 Qb6 19. b4 Qc7 20. Rdc1 Nb6 21. Bg5
Bxg5 22. Qxg5 h6 23. Qg3 Qe7 24. Qd3 Nc4 25. Ne3 Rc7 26. Nd1 Rfc8 27. g3 f6 28.
exf6 Qxf6 29. f4 Nd6 30. Rc2 Ne4 31. Rac1 b5 32. Nf2 Nxf2 33. Rxf2 Ra8 34. Rcc2
Re7 1/2-1/2

[Event "23.Schlosspark-Open"]
[Site "Wiesbaden"]
[Date "2011.08.26"]
[Round "2.51"]
[White "Lorenz, Hermann"]
[Black "Drewes, Thomas"]
[Result "1/2-1/2"]
[WhiteElo "1580"]
[BlackElo "1944"]
[PlyCount "40"]
[EventDate "2011.??.??"]
[WhiteTeam "Sfr.Mainz 1928"]
[BlackTeam "SV Würzburg von 1865"]

1. c4 e5 2. Nc3 Nc6 3. d3 Nf6 4. Nf3 Bc5 5. g3 d6 6. Bg2 O-O 7. O-O a6 8. Bd2
Re8 9. Qc1 Bd7 10. Bg5 Nd4 11. Nxd4 Bxd4 12. Ne4 Bc6 13. Nxf6+ gxf6 14. Bxc6
bxc6 15. Bh4 Rb8 16. Rb1 Re6 17. Qd2 Qf8 18. b4 Ba7 19. Kh1 Qg7 20. e3 Qh6
1/2-1/2

[Event "23.Schlosspark-Open"]
[Site "Wiesbaden"]
[Date "2011.08.26"]
[Round "2.53"]
[White "Sommer, Norbert"]
[Black "Machlin, Maxim"]
[Result "0-1"]
[WhiteElo "1562"]
[BlackElo "1943"]
[PlyCount "74"]
[EventDate "2011.??.??"]
[WhiteTeam "SF 1876 Göppingen"]
[BlackTeam "Biebertaler SF"]

1. Nf3 d5 2. d4 e6 3. c4 c6 4. e3 Nf6 5. Nc3 Nbd7 6. cxd5 exd5 7. Bd3 Bd6 8.
O-O O-O 9. Qc2 Re8 10. a3 a5 11. Bd2 h6 12. Rfe1 Nf8 13. h3 N8h7 14. Rad1 Bc7
15. b4 Qd6 16. Rb1 Ng5 17. Ne5 Nfe4 18. f4 f6 19. Ng4 Nxd2 20. Qxd2 Ne4 21.
Nxe4 dxe4 22. Bc4+ Kh7 23. Red1 h5 24. Nf2 g5 25. g3 h4 26. g4 gxf4 27. exf4 f5
28. Qe3 Qxf4 29. Qxf4 Bxf4 30. gxf5 Bxf5 31. d5 Rg8+ 32. Kf1 Rg3 33. d6 e3 34.
Ng4 Rf8 35. d7 Bg5 36. Rb3 Bd3+ 37. Ke1 Rg1# 0-1

[Event "23.Schlosspark-Open"]
[Site "Wiesbaden"]
[Date "2011.08.26"]
[Round "2.54"]
[White "Cordes, Lothar"]
[Black "van Bömmel, Philipp"]
[Result "1-0"]
[WhiteElo "1942"]
[BlackElo "1577"]
[PlyCount "60"]
[EventDate "2011.??.??"]
[WhiteTeam "SF Lilienthal von 1971"]
[BlackTeam "SC 1979 Hattersheim"]

1. d4 d5 2. Nf3 Nf6 3. c4 e6 4. Nc3 Be7 5. Bg5 Ne4 6. Bxe7 Qxe7 7. Qb3 Nxc3 8.
bxc3 c6 9. e3 O-O 10. Bd3 Nd7 11. O-O b6 12. Rfe1 Bb7 13. cxd5 cxd5 14. Nd2
Rac8 15. Rac1 Rc7 16. f3 Rfc8 17. e4 Qg5 18. Rc2 Nf6 19. c4 Nh5 20. exd5 Nf4
21. Ne4 Qd8 22. g3 Nxd3 23. Qxd3 exd5 24. Nd2 dxc4 25. Qe3 h6 26. Rec1 b5 27.
Ne4 Re7 28. Re1 Rcc7 29. g4 Qc8 30. Rd2 Qd8 {ZÜ} 1-0

[Event "23.Schlosspark-Open"]
[Site "Wiesbaden"]
[Date "2011.08.26"]
[Round "2.55"]
[White "Maleski, Heinz"]
[Black "Makilla, Tobias"]
[Result "0-1"]
[WhiteElo "1506"]
[BlackElo "1937"]
[PlyCount "114"]
[EventDate "2011.??.??"]
[WhiteTeam "SC Budenheim"]
[BlackTeam "Sfr.1932 Kelkheim"]

1. d4 d5 2. Bf4 Nc6 3. e3 Bf5 4. Bb5 e6 5. Nf3 Bd6 6. Ne5 Nge7 7. O-O O-O 8.
Bxc6 Nxc6 9. Nxc6 bxc6 10. Bxd6 cxd6 11. Nd2 Qb6 12. b3 c5 13. c3 Rfc8 14. dxc5
Rxc5 15. c4 Bd3 16. Re1 dxc4 17. bxc4 Bxc4 18. Nxc4 Rxc4 19. Rb1 Qc6 20. Qb3
Rc8 21. h3 d5 22. Re2 Qd6 23. g3 Qe5 24. Qb7 Qe4 25. Rbe1 R4c7 26. Qb3 Rc2 27.
Rxc2 Qxc2 28. Qb7 Qc7 29. Rb1 g6 30. Qa6 Qc2 31. Re1 Rc7 32. Re2 Qc4 33. Qxc4
Rxc4 34. Kg2 Kg7 35. Rb2 Kf6 36. Kf3 h5 37. h4 Ra4 38. Rd2 Kf5 39. Rb2 f6 40.
Rc2 g5 41. hxg5 fxg5 42. Rb2 h4 43. gxh4 gxh4 44. Rc2 a5 45. Rb2 Rb4 46. Rc2 a4
47. a3 Rb3 48. Ra2 e5 49. Kg2 e4 50. Kh3 Kg5 51. Rd2 Rd3 52. Ra2 d4 53. Kh2
dxe3 54. fxe3 Rxe3 55. Rg2+ Kf4 56. Rf2+ Rf3 57. Ra2 e3 0-1

[Event "23.Schlosspark-Open"]
[Site "Wiesbaden"]
[Date "2011.08.26"]
[Round "2.56"]
[White "Karthaus, Carsten"]
[Black "Happel, Jürgen"]
[Result "1-0"]
[WhiteElo "1927"]
[BlackElo "1534"]
[PlyCount "81"]
[EventDate "2011.??.??"]
[WhiteTeam "SC Murrhardt 1948 e.V."]
[BlackTeam "SV 1920 Hofheim"]

1. e4 e5 2. Nf3 Nc6 3. Bc4 d6 4. d4 exd4 5. Nxd4 Bd7 6. O-O Be7 7. f4 Nxd4 8.
Qxd4 f6 9. Qd5 Nh6 10. Qh5+ Kf8 11. f5 Be8 12. Qe2 Nf7 13. Bf4 Ne5 14. Bb3 a6
15. Nc3 c6 16. Rad1 Qc7 17. h3 h5 18. Rd2 Rd8 19. Rfd1 b5 20. Qf2 Bf7 21. Ne2
Bxb3 22. cxb3 c5 23. Be3 Kf7 24. Nf4 Qc6 25. Ne6 Rdg8 26. Rd5 g6 27. Bf4 gxf5
28. Bxe5 fxe5 29. Qxf5+ Ke8 30. Rf1 c4 31. Qf7+ Kd7 32. Nc5+ Kd8 33. Ne6+ Kd7
34. Rfd1 Qb6+ 35. Nc5+ Kc8 36. Qxe7 dxc5 37. Rxc5+ Kb8 38. Qxe5+ Ka8 39. Rd6
Qa5 40. Qd5+ Kb8 41. b4 1-0

[Event "23.Schlosspark-Open"]
[Site "Wiesbaden"]
[Date "2011.08.26"]
[Round "2.57"]
[White "Larem, Peter"]
[Black "Sommer, Konstantin"]
[Result "1/2-1/2"]
[WhiteElo "1914"]
[BlackElo "1494"]
[PlyCount "69"]
[EventDate "2011.??.??"]
[WhiteTeam "SSG Rödermark-Epp."]
[BlackTeam "SF 1876 Göppingen"]

1. e4 c6 2. d4 d5 3. Nc3 dxe4 4. Nxe4 Bf5 5. Ng3 Bg6 6. h4 h6 7. Nf3 Nf6 8. h5
Bh7 9. Bd3 Bxd3 10. Qxd3 e6 11. Bd2 Nbd7 12. O-O-O Bd6 13. Ne4 Nxe4 14. Qxe4
Nf6 15. Qe2 Nd5 16. Ne5 Nf6 17. Rhe1 Qc7 18. Kb1 O-O-O 19. Qf3 Bxe5 20. dxe5
Nd5 21. c4 Nb6 22. Ba5 Rxd1+ 23. Qxd1 Rd8 24. Qe2 c5 25. f4 Qd7 26. Bxb6 axb6
27. Kc2 Qa4+ 28. Kb1 Qb4 29. Rd1 Rxd1+ 30. Qxd1 Qxc4 31. Qg4 Qf1+ 32. Kc2 Qf2+
33. Kb3 Qe3+ 34. Kc2 Qf2+ 35. Kb3 1/2-1/2

[Event "23.Schlosspark-Open"]
[Site "Wiesbaden"]
[Date "2011.08.26"]
[Round "2.59"]
[White "Krebs, Armin"]
[Black "Bratmann, Marc"]
[Result "1-0"]
[WhiteElo "1896"]
[BlackElo "1455"]
[PlyCount "49"]
[EventDate "2011.??.??"]
[WhiteTeam "SV Ebersbach"]
[BlackTeam "SAbt TuS Dotzheim"]

1. e4 e5 2. Nf3 Nf6 3. Nc3 Bb4 4. Bc4 d6 5. O-O O-O 6. d3 Bg4 7. Bg5 c6 8. a3
Ba5 9. h3 Be6 10. b4 Bc7 11. Bxe6 fxe6 12. d4 exd4 13. Nxd4 Qe8 14. Qd3 Nbd7
15. f4 b5 16. Nxc6 a6 17. Rae1 Nb6 18. Nd4 Nc4 19. f5 Bb6 20. Kh1 Ne5 21. Qd1
exf5 22. Nxf5 Nc4 23. Bxf6 Rxf6 24. Nd5 Re6 25. Qg4 1-0

[Event "23.Schlosspark-Open"]
[Site "Wiesbaden"]
[Date "2011.08.26"]
[Round "2.61"]
[White "Kümmel, Werner"]
[Black "Stang, Wolfgang"]
[Result "0-1"]
[WhiteElo "1310"]
[BlackElo "1834"]
[PlyCount "122"]
[EventDate "2011.??.??"]
[WhiteTeam "SC Bad Soden"]
[BlackTeam "PSV Dorfen"]

1. d4 Nf6 2. c4 g6 3. Nc3 d5 4. Nf3 Bg7 5. e3 O-O 6. Be2 dxc4 7. Bxc4 c5 8. a4
cxd4 9. exd4 Bg4 10. Be2 Nc6 11. O-O Rc8 12. Be3 Na5 13. h3 Be6 14. Nd2 Nd5 15.
Nxd5 Bxd5 16. Rb1 Nc6 17. Nf3 Qd6 18. Qd2 a5 19. Rfd1 Bb3 20. Re1 Nb4 21. Bd1
Qd5 22. Ne5 Bxd1 23. Rexd1 Rc2 24. Qe1 Qb3 25. Nd7 Rd8 26. Nc5 Qd5 27. b3 b6
28. Nd3 Nxd3 29. Rxd3 Rdc8 30. Rdd1 h5 31. b4 Ra2 32. bxa5 bxa5 33. Rb5 Qd8 34.
Qxa5 Qxa5 35. Rxa5 Rc4 36. Ra7 Bf6 37. a5 Rca4 38. d5 Rxa5 39. Rxa5 Rxa5 40. d6
exd6 41. g3 d5 42. h4 Kf8 43. Kg2 Ke8 44. Bf4 Kd7 45. Rb1 Kc6 46. Rb8 Ra7 47.
Rc8+ Kb5 48. Rb8+ Kc4 49. Rc8+ Kd3 50. Rc6 Bd4 51. Rd6 Kc4 52. Rc6+ Kd3 53. Rd6
Ra5 54. Rd7 Ra2 55. Rxd5 Rxf2+ 56. Kh1 Ke4 57. Rd8 Bf6 58. Re8+ Kf5 59. Kg1 Bd4
60. Kh1 Kg4 61. Re1 Kh3 0-1